[Event "Superettan(Kamraterna-Schack 08)"]
[Site "?"]
[Date "2013.11.24"]
[Round "3"]
[White "Andersson, Bo"]
[Black "Eriksson, Magnus"]
[Result "0-1"]
[WhiteElo "1965"]
[BlackElo "2124"]
[PlyCount "58"]

1. Nf3 Nf6 2. c4 g6 3. g3 Bg7 4. Bg2 O-O 5. O-O d6 6. Nc3 e5 7. d3 Nbd7 8. Qc2
a5 9. Rb1 Nc5 10. Be3 Nfd7 11. d4 Ne6 12. dxe5 dxe5 13. Rfd1 f5 14. b4 axb4 15.
Rxb4 c6 16. Na4 Qa5 17. Nb6 Qxb4 18. Nxa8 Qa5 19. Rxd7 Bxd7 20. Nb6 Rd8 21. Na4
c5 22. Nb2 Qxa2 23. Bc1 e4 24. Ne1 Bc6 25. e3 Ng5 26. Qe2 Qb3 27. h4 Nf7 28.
Qc2 Qxc2 29. Nxc2 Bxb2 0-1

[Event "Superettan(Kamraterna-Schack 08)"]
[Site "?"]
[Date "2013.11.24"]
[Round "3"]
[White "Svedberg, Hans"]
[Black "Arvidsson, Tomas"]
[Result "1-0"]
[WhiteElo "1993"]
[BlackElo "2008"]
[PlyCount "109"]

1. e4 c5 2. Nf3 Nc6 3. Bb5 g6 4. O-O Bg7 5. c3 e5 6. Re1 Nge7 7. b4 cxb4 8. d4
exd4 9. cxd4 Qb6 10. Bxc6 dxc6 11. Be3 Qb5 12. Nbd2 O-O 13. a4 bxa3 14. Rxa3 a5
15. Qc2 Qh5 16. Nf1 Qg4 17. Ng3 b5 18. Bd2 a4 19. Bb4 Qd7 20. Ne5 Bxe5 21. dxe5
Rd8 22. Qc5 Re8 23. f4 Qa7 24. Rd1 Qxc5+ 25. Bxc5 Be6 26. Kf2 Kg7 27. Rd6 Rab8
28. Rd4 Rb7 29. f5 gxf5 30. Nh5+ Kg6 31. Nf6 Rh8 32. Rg3+ Kh6 33. Bxe7 f4 34.
Rg8 Rxg8 35. Nxg8+ Kg6 36. Bf6 c5 37. Rd8 a3 38. Ne7+ Kh6 39. Nf5+ Bxf5 40.
exf5 Rb6 41. Rd6 Rb8 42. e6 fxe6 43. fxe6 Kg6 44. Bd8 Rxd8 45. Rxd8 Kf6 46. Ke2
b4 47. Kd3 a2 48. Ra8 b3 49. Kc3 c4 50. Ra6 h5 51. Kb2 h4 52. h3 Ke7 53. Rc6
c3+ 54. Rxc3 Kxe6 55. Rxb3 1-0

[Event "Superettan(Limhamn II-Orebro)"]
[Site "?"]
[Date "2013.11.24"]
[Round "3"]
[White "Drugge, Patrick"]
[Black "Holst, Conny"]
[Result "1/2-1/2"]
[WhiteElo "2235"]
[BlackElo "2250"]
[PlyCount "93"]

1. e4 c5 2. Nc3 Nc6 3. g3 g6 4. Bg2 Bg7 5. d3 e6 6. f4 d6 7. Nf3 Nge7 8. O-O
O-O 9. Be3 Nd4 10. e5 Nef5 11. Bf2 Nxf3+ 12. Qxf3 Nd4 13. Qd1 dxe5 14. fxe5
Bxe5 15. Ne4 f5 16. Nxc5 Qc7 17. b4 f4 18. gxf4 Rxf4 19. c3 Rxf2 20. Rxf2 Bxh2+
21. Kh1 Nf5 22. Qf3 Bg3 23. Re2 Qg7 24. Qg4 Qxc3 25. Rf1 Bc7 26. Rxf5 exf5 27.
Bd5+ Kf8 28. Qg5 Qg7 29. Be6 b6 30. Bd5 bxc5 31. Bxa8 Bd7 32. bxc5 h6 33. Qd2
g5 34. d4 Bb5 35. Rf2 Qg6 36. Kg1 f4 37. Bg2 Qf6 38. d5 Be5 39. Qb4 a6 40. a4
Bc3 41. Qe4 Be8 42. Re2 Bd4+ 43. Kh1 Bh5 44. Bf3 Bxf3+ 45. Qxf3 Bxc5 46. Re1
Qf5 47. Re4 1/2-1/2

[Event "Superettan(Limhamn II-Orebro)"]
[Site "?"]
[Date "2013.11.24"]
[Round "3"]
[White "Tadjerbashi, Amir"]
[Black "Gruvaeus, Curt"]
[Result "1/2-1/2"]
[WhiteElo "2218"]
[BlackElo "2338"]
[PlyCount "68"]

1. e4 g6 2. d4 Bg7 3. Nc3 d6 4. Nge2 a6 5. a4 c6 6. Be3 Nd7 7. g3 Ngf6 8. h3
O-O 9. Bg2 e5 10. f4 Nh5 11. dxe5 dxe5 12. O-O f5 13. exf5 gxf5 14. fxe5 Nxe5
15. Qxd8 Rxd8 16. Rae1 Nc4 17. Bc1 Be6 18. Bf3 Nf6 19. Nf4 Bf7 20. Ne6 Bxe6 21.
Rxe6 Nd2 22. Bxd2 Rxd2 23. Re2 Rad8 24. Rfe1 Rxe2 25. Rxe2 Kf7 26. Kg2 Rd4 27.
b3 Nd7 28. Rf2 Ke7 29. Ne2 Rd2 30. Nf4 Rxf2+ 31. Kxf2 Bd4+ 32. Kg2 Ne5 33. Be2
b5 34. Nd3 Nxd3 1/2-1/2

[Event "Superettan(Limhamn II-Orebro)"]
[Site "?"]
[Date "2013.11.24"]
[Round "3"]
[White "Zetterberg, Staffan"]
[Black "Karlsson, Ulf"]
[Result "1-0"]
[WhiteElo "2298"]
[BlackElo "2066"]
[PlyCount "89"]

1. Nf3 c5 2. c4 e6 3. g3 Nf6 4. Bg2 Nc6 5. O-O d5 6. cxd5 exd5 7. d4 Be7 8. Nc3
O-O 9. Bg5 cxd4 10. Nxd4 h6 11. Bf4 Be6 12. Nxe6 fxe6 13. e4 e5 14. exd5 exf4
15. dxc6 Qxd1 16. Raxd1 bxc6 17. Bxc6 Rab8 18. b3 fxg3 19. hxg3 Rfd8 20. Rxd8+
Rxd8 21. Rd1 Rxd1+ 22. Nxd1 Ng4 23. Nc3 Kf8 24. Kf1 Bc5 25. Ne4 Bb4 26. Ke2 Ke7
27. f3 Nf6 28. Nf2 Kd6 29. Nd3 Ba5 30. Be4 Nd7 31. b4 Bd8 32. Kd2 Bf6 33. a4
Ne5 34. Nf4 Nc4+ 35. Kc2 Be5 36. Ne2 Nb6 37. a5 Nd7 38. Kd3 g5 39. g4 Bh2 40.
Nd4 Ne5+ 41. Kc3 Kd7 42. b5 Kc7 43. b6+ Kb8 44. Nb5 Bg1 45. Nxa7 1-0

[Event "Superettan(Limhamn II-Orebro)"]
[Site "?"]
[Date "2013.11.24"]
[Round "3"]
[White "Nylen, Anders"]
[Black "Jonsson, Krister"]
[Result "1/2-1/2"]
[WhiteElo "2197"]
[BlackElo "2192"]
[PlyCount "89"]

1. d4 Nf6 2. c4 e6 3. Nc3 Bb4 4. e3 c5 5. Nge2 cxd4 6. exd4 O-O 7. a3 Be7 8. d5
exd5 9. cxd5 Re8 10. g3 d6 11. Bg2 Bg4 12. O-O Qd7 13. Be3 Na6 14. b4 Bd8 15.
Qd2 Rc8 16. Nf4 Bf5 17. Rfc1 Ng4 18. Bd4 Ne5 19. Qa2 Bg4 20. Be3 Nf3+ 21. Kh1
Bf6 22. Qb3 Nd4 23. Bxd4 Bxd4 24. Ra2 Bxc3 25. h3 Be5 26. Rxc8 Rxc8 27. hxg4
Rc1+ 28. Kh2 Bxf4 29. gxf4 Qxg4 30. Qe3 Qc8 31. Bh3 f5 32. Bxf5 Qxf5 33. Qxc1
Qxd5 34. Qc2 Nc7 35. Ra1 Qd4 36. Rg1 Qxf4+ 37. Rg3 d5 38. Qc5 b6 39. Qe3 Qxe3
40. Rxe3 Kf7 41. Kg3 Kf6 42. Kf3 h5 43. Ke2 g5 44. f3 h4 45. a4 1/2-1/2

[Event "Superettan(Limhamn II-Orebro)"]
[Site "?"]
[Date "2013.11.24"]
[Round "3"]
[White "Blomstrom, Lars"]
[Black "Morling, Joakim"]
[Result "1-0"]
[WhiteElo "2195"]
[BlackElo "2038"]
[PlyCount "57"]

1. e4 e6 2. d4 d5 3. Nc3 Nf6 4. e5 Nfd7 5. f4 c5 6. Nf3 Nc6 7. Be3 cxd4 8. Nxd4
Bc5 9. Qd2 O-O 10. O-O-O a6 11. h4 Nxd4 12. Bxd4 b5 13. Kb1 Qc7 14. h5 b4 15.
Ne2 a5 16. Rh3 Ba6 17. Rg3 Bxd4 18. Nxd4 Nc5 19. Bd3 Nxd3 20. cxd3 Qb6 21. Qe3
Kh8 22. Rxg7 Qa7 23. h6 Rg8 24. f5 exf5 25. Qg5 Qb6 26. Nxf5 Rac8 27. Nd6 Qf2
28. Nxc8 Bxd3+ 29. Ka1 1-0

[Event "Superettan(Limhamn II-Orebro)"]
[Site "?"]
[Date "2013.11.24"]
[Round "3"]
[White "Nilsson, Patrik"]
[Black "Johansson, Anders"]
[Result "0-1"]
[WhiteElo "2068"]
[BlackElo "2151"]
[PlyCount "68"]

1. e4 d5 2. exd5 Qxd5 3. Nc3 Qa5 4. d4 Nf6 5. Nf3 c6 6. Bc4 Bf5 7. Bd2 e6 8.
Nd5 Qd8 9. Nxf6+ gxf6 10. Qe2 a5 11. O-O Bg7 12. Nh4 Bg6 13. Rfe1 O-O 14. Nxg6
hxg6 15. c3 a4 16. b3 axb3 17. axb3 Nd7 18. Rxa8 Qxa8 19. h4 Qa5 20. Bd3 f5 21.
h5 gxh5 22. Qxh5 Nf6 23. Qh4 Ra8 24. Qg3 Kf8 25. Bc2 Qa2 26. Qd3 Ne4 27. Bf4
Qb2 28. f3 Qxc3 29. Qxc3 Nxc3 30. Bd6+ Ke8 31. Be5 Bxe5 32. Rxe5 Kd7 33. Rc5
Ne2+ 34. Kh2 Rh8# 0-1

[Event "Superettan(Limhamn II-Orebro)"]
[Site "?"]
[Date "2013.11.24"]
[Round "3"]
[White "Selimian, Hrayr"]
[Black "Liedbeck, Patrik"]
[Result "1-0"]
[WhiteElo "2100"]
[BlackElo "1956"]
[PlyCount "57"]
[EventDate "2013.??.??"]

1. d4 Nf6 2. c4 g6 3. g3 d5 4. cxd5 Nxd5 5. e4 Nb6 6. Bg2 Bg7 7. Ne2 O-O 8. O-O
e5 9. d5 c6 10. a4 cxd5 11. exd5 Nc4 12. b3 Nd6 13. Ba3 Re8 14. Nd2 Na6 15. Nc4
Bf8 16. Bb2 f6 17. Nc3 Nc5 18. Rc1 a6 19. Kh1 Bf5 20. Nxd6 Bxd6 21. Ba3 Nd3 22.
Bxd6 Qxd6 23. g4 Nxc1 24. gxf5 Rac8 25. Qxc1 Qb4 26. Na2 Qxb3 27. Qb1 Qxa4 28.
fxg6 h6 29. Qxb7 1-0

[Event "Superettan(Limhamn II-Orebro)"]
[Site "?"]
[Date "2013.11.24"]
[Round "3"]
[White "Terochin, Piotr"]
[Black "Larsson, Patrik"]
[Result "1/2-1/2"]
[WhiteElo "1972"]
[BlackElo "1964"]
[PlyCount "91"]

1. e4 d6 2. d4 Nf6 3. Nc3 c6 4. Be2 Qa5 5. Bd2 e5 6. Nf3 Bg4 7. d5 Nbd7 8. Nh4
Bxe2 9. Qxe2 c5 10. a3 a6 11. O-O g6 12. f4 exf4 13. Rxf4 Bg7 14. Raf1 Qd8 15.
R4f3 Ng4 16. Be1 O-O 17. Rh3 Nde5 18. Nf3 b5 19. Nxe5 Nxe5 20. Rf4 Rc8 21. Nd1
Re8 22. Ne3 h5 23. Bh4 Qd7 24. Bf6 Bxf6 25. Rxf6 Kg7 26. Rf1 Ng4 27. Nxg4 Qxg4
28. Qf2 Rc7 29. Qf6+ Kh6 30. Qxd6 Rd7 31. Qxa6 Qxe4 32. Qxb5 Rxd5 33. Qb7 Rd2
34. Qxe4 Rxe4 35. Rhf3 Rxc2 36. R3f2 Ree2 37. Rxe2 Rxe2 38. Rb1 Kg5 39. a4 Kf4
40. a5 Re6 41. Ra1 Ra6 42. Kf2 Ke4 43. b4 cxb4 44. Ra4 Kd3 45. Rxb4 Rxa5 46.
Rb7 1/2-1/2

[Event "Superettan(Rockaden,Umea-Sollentuna)"]
[Site "?"]
[Date "2014.01.17"]
[Round "6"]
[White "Poley, Vladimir"]
[Black "Petrov, Marijan"]
[Result "0-1"]
[WhiteElo "2415"]
[BlackElo "2550"]
[PlyCount "152"]
[SourceDate "2014.01.28"]

1. d4 c5 2. e3 Nf6 3. Nf3 g6 4. Nbd2 Bg7 5. dxc5 Qa5 6. a3 Qxc5 7. Be2 O-O 8.
O-O Qc7 9. c4 d6 10. Nd4 Nc6 11. b4 a5 12. Nxc6 bxc6 13. Bb2 axb4 14. axb4 Rb8
15. Ra4 d5 16. Nf3 Ne4 17. Bxg7 Kxg7 18. Qa1+ f6 19. Rc1 Qd6 20. cxd5 cxd5 21.
b5 Nc5 22. Ra3 Bd7 23. Rac3 Ra8 24. Qb1 Na4 25. Rc7 Rfc8 26. Rxc8 Rxc8 27. Rxc8
Bxc8 28. Qc2 Nb6 29. Nd4 Bd7 30. h4 e5 31. Nc6 Na8 32. h5 Nc7 33. hxg6 hxg6 34.
e4 dxe4 35. Qxe4 Qc5 36. Nd8 Nxb5 37. Bd3 Qc1+ 38. Kh2 Qh6+ 39. Kg1 Qc1+ 40.
Kh2 Qh6+ 41. Kg1 Nd6 42. Qd5 Qc1+ 43. Bf1 Qc7 44. Ne6+ Bxe6 45. Qxe6 Ne4 46.
Qd5 f5 47. Bd3 Qc1+ 48. Bf1 Qb2 49. Qd7+ Kh6 50. Qa7 Qd4 51. Qa2 f4 52. Qc2 Nd2
53. Bd3 e4 54. Qxd2 exd3 55. g3 g5 56. gxf4 gxf4 57. Kg2 Qe4+ 58. Kh2 Kg5 59.
Qa5+ Kg4 60. Qa1 Qh7+ 61. Kg1 Qg6 62. Kf1 Qh6 63. Kg1 d2 64. Qd4 Qg6 65. Kg2
Qc6+ 66. Kh2 Qc2 67. Qd7+ Kf3 68. Qh3+ Kxf2 69. Qg2+ Ke3 70. Qg1+ Kd3 71. Qg6+
Kc3 72. Qc6+ Kb2 73. Qf6+ Kb1 74. Qb6+ Kc1 75. Qf2 d1=Q 76. Kh3 Qc8+ 0-1

[Event "Superettan(Rockaden,Umea-Sollentuna)"]
[Site "?"]
[Date "2014.01.17"]
[Round "6"]
[White "Wickstrom, Lucas"]
[Black "Tsyhanchuk, Stanislav"]
[Result "1-0"]
[WhiteElo "2416"]
[BlackElo "2416"]
[PlyCount "107"]

1. d4 Nf6 2. c4 c6 3. Nc3 d5 4. cxd5 cxd5 5. Bf4 Nc6 6. e3 Bg4 7. Qb3 Na5 8.
Qa4+ Bd7 9. Bb5 Nc6 10. Qd1 e6 11. Rc1 Rc8 12. Nf3 Be7 13. h3 O-O 14. O-O Na5
15. Bd3 Nc4 16. Qe2 Qa5 17. Ne5 Nxe5 18. Bxe5 a6 19. a3 Bc6 20. Rc2 Nd7 21. Bg3
f5 22. Rfc1 Nf6 23. Be5 Nd7 24. Bh2 Nf6 25. Nb1 Bd7 26. Bc7 Qa4 27. Rc3 Be8 28.
Be5 Rxc3 29. Rxc3 Bd8 30. b3 Qd7 31. b4 Ne4 32. Rc1 Nd6 33. Nd2 Nf7 34. Bg3 Qa4
35. Rc3 Bb5 36. Bxb5 axb5 37. Nf3 Bf6 38. Rc7 Qxa3 39. Qxb5 b6 40. Rc6 Qa1+ 41.
Kh2 Nd8 42. Rxb6 g5 43. Bd6 g4 44. Bxf8 Kxf8 45. hxg4 fxg4 46. Ne5 Bxe5+ 47.
dxe5 Qxe5+ 48. g3 Nf7 49. Qc5+ Ke8 50. Rb7 Qf6 51. Qc8+ Nd8 52. Kg1 d4 53. Qd7+
Kf8 54. Rb8 1-0

[Event "Superettan(Rockaden,Umea-Sollentuna)"]
[Site "?"]
[Date "2014.01.17"]
[Round "6"]
[White "Aroven, Mikael"]
[Black "Malmstig, Erik"]
[Result "0-1"]
[WhiteElo "2197"]
[BlackElo "2309"]
[PlyCount "102"]

1. c4 e5 2. g3 Nf6 3. Bg2 Nc6 4. Nc3 Bb4 5. Nd5 Nxd5 6. cxd5 Nb8 7. Qc2 O-O 8.
b3 c6 9. Bb2 Qe7 10. a3 Bd6 11. e3 b6 12. Ne2 Bb7 13. Nc3 Na6 14. O-O f5 15. b4
c5 16. b5 Nc7 17. d3 Qf7 18. e4 f4 19. f3 fxg3 20. hxg3 Qg6 21. a4 Qxg3 22. Ne2
Qg6 23. Qc4 a6 24. Kf2 Rf7 25. Rh1 Ne8 26. Bh3 Qf6 27. Bg4 g6 28. f4 axb5 29.
axb5 Rxa1 30. Bxa1 Qg5 31. Bf5 exf4 32. Bxg6 Rg7 33. Bxg7 hxg6 34. Bb2 Nf6 35.
Qc3 Ng4+ 36. Ke1 Be5 37. Qc1 d6 38. d4 cxd4 39. Bxd4 Bxd4 40. Nxd4 Ne5 41. Qc7
Qg3+ 42. Kd1 Qd3+ 43. Kc1 Qe3+ 44. Kb2 Qxd4+ 45. Kb3 Bxd5+ 46. exd5 Qxd5+ 47.
Kc3 Qxh1 48. Qd8+ Kg7 49. Qxb6 Qc1+ 50. Kb3 Qc4+ 51. Ka3 Qc5+ 0-1

[Event "Superettan(Rockaden,Umea-Sollentuna)"]
[Site "?"]
[Date "2014.01.17"]
[Round "6"]
[White "Forsberg, Viktor"]
[Black "Kassani, Sam"]
[Result "1-0"]
[WhiteElo "2367"]
[BlackElo "2239"]
[PlyCount "73"]

1. e4 c5 2. Nf3 g6 3. d4 cxd4 4. Nxd4 Nc6 5. Nc3 Bg7 6. Be3 Nf6 7. Bc4 O-O 8.
Bb3 d6 9. f3 Bd7 10. Qd2 Nxd4 11. Bxd4 Bc6 12. g4 a5 13. a4 Nd7 14. Bxg7 Kxg7
15. h4 Ne5 16. Rh3 f6 17. Rg3 Qd7 18. f4 Nxg4 19. h5 f5 20. hxg6 hxg6 21. O-O-O
Rad8 22. Rxg4 fxg4 23. f5 d5 24. Qg5 Qd6 25. Nxd5 Bxd5 26. Bxd5 Qf6 27. Qxg4
Rh8 28. Rg1 Rh6 29. Qf4 e5 30. Qd2 Qb6 31. Qg5 Qf6 32. Qe3 b6 33. Qc3 Qd6 34.
Kb1 Qc5 35. Qxe5+ Kf8 36. Qf6+ Ke8 37. Qf7# 1-0

[Event "Superettan(Rockaden,Umea-Sollentuna)"]
[Site "?"]
[Date "2014.01.17"]
[Round "6"]
[White "Duenas, Alexis"]
[Black "Eriksson, Jorgen"]
[Result "0-1"]
[WhiteElo "2083"]
[BlackElo "2274"]
[PlyCount "118"]

1. d4 Nf6 2. c4 g6 3. Nc3 Bg7 4. e4 d6 5. f4 O-O 6. Nf3 Na6 7. Be2 c5 8. d5 e6
9. O-O exd5 10. cxd5 Nc7 11. a4 Re8 12. Nd2 Rb8 13. Bf3 b6 14. Nc4 Ba6 15. Qb3
Bxc4 16. Qxc4 a6 17. e5 b5 18. axb5 axb5 19. Qd3 dxe5 20. fxe5 Nd7 21. e6 fxe6
22. dxe6 Ne5 23. Qxd8 Rbxd8 24. Bf4 Nxf3+ 25. Rxf3 Nxe6 26. Nxb5 Bxb2 27. Rb1
Bd4+ 28. Nxd4 Nxd4 29. Rf2 Ne2+ 30. Kf1 Nxf4 31. Rxf4 Rf8 32. Rxf8+ Rxf8+ 33.
Ke2 Kg7 34. Rb7+ Rf7 35. Rb5 Rf5 36. Rb7+ Rf7 37. Rb5 Rc7 38. Kd3 c4+ 39. Kc3
h5 40. Rb4 Rf7 41. Rxc4 Rf2 42. h4 Rxg2 43. Kd3 Kf6 44. Ke3 Rg3+ 45. Kf2 Rg4
46. Rxg4 hxg4 47. Kg2 Ke5 48. Kg3 Kf5 49. Kg2 Kf4 50. Kf2 g3+ 51. Kg2 Kg4 52.
Kg1 Kxh4 53. Kg2 Kg4 54. Kg1 Kf3 55. Kf1 g2+ 56. Kg1 g5 57. Kh2 Kf2 58. Kh3
g1=R 59. Kh2 Rg3 0-1

[Event "Superettan(Rockaden,Umea-Sollentuna)"]
[Site "?"]
[Date "2014.01.17"]
[Round "6"]
[White "Lindgren, Fredrik"]
[Black "Jakenberg, Jussi"]
[Result "1-0"]
[WhiteElo "2270"]
[BlackElo "2088"]
[PlyCount "113"]

1. d4 Nf6 2. Nf3 e6 3. g3 d5 4. Bg2 b5 5. a4 b4 6. c4 bxc3 7. bxc3 Bd6 8. O-O
O-O 9. c4 c6 10. Nfd2 a5 11. Ba3 Ba6 12. Qc2 Bxa3 13. Rxa3 Nbd7 14. Re1 Nb6 15.
c5 Nbd7 16. e4 Rb8 17. e5 Ne8 18. Rb3 Rb4 19. Rxb4 axb4 20. Nb3 g6 21. N1d2 Ng7
22. f4 f5 23. Nf3 Qc7 24. Rb1 Rb8 25. Nc1 Qa7 26. Nd2 Kf7 27. Kf2 Ne8 28. Rb2
Rb7 29. Bf3 Nc7 30. Bd1 Nf8 31. Qb1 Ke7 32. Rxb4 Nd7 33. Nd3 Rxb4 34. Nxb4 Bb7
35. Qc2 Na6 36. Nd3 Nc7 37. Qc3 Nb8 38. Qb4 Na8 39. Be2 Kd7 40. Nf3 Ke7 41. Nd2
Nd7 42. Nb3 Kd8 43. Qa5+ Qxa5 44. Nxa5 Kc7 45. Nb4 Nb8 46. g4 fxg4 47. Bxg4 Bc8
48. Kg3 Bd7 49. Be2 Kc8 50. Kg4 h6 51. Bd3 Be8 52. h4 Nc7 53. h5 gxh5+ 54. Kh4
Kd7 55. Nb7 Ke7 56. Nd6 Bf7 57. a5 1-0

[Event "Superettan(Rockaden,Umea-Sollentuna)"]
[Site "?"]
[Date "2014.01.17"]
[Round "6"]
[White "Jansson Owen, Anders"]
[Black "Hammar, Ulf"]
[Result "0-1"]
[WhiteElo "2082"]
[BlackElo "2187"]
[PlyCount "116"]

1. Nf3 d5 2. d4 Nf6 3. c4 c6 4. Nc3 dxc4 5. a4 Bf5 6. e3 e6 7. Bxc4 Bb4 8. O-O
O-O 9. Nh4 Nbd7 10. Nxf5 exf5 11. Qf3 Nb6 12. Bb3 Qd7 13. Rd1 a5 14. h3 Nbd5
15. Bd2 Rfe8 16. Bc2 g6 17. Re1 Re7 18. Re2 Rae8 19. Rae1 Kg7 20. Qg3 Bd6 21.
Qh4 Ne4 22. Nxe4 fxe4 23. Bb3 h6 24. Bxd5 cxd5 25. b3 b6 26. Rc1 Rc8 27. Ree1
Ba3 28. Ra1 Bb2 29. Rab1 Rc2 30. Red1 Ba3 31. Ra1 Bd6 32. Rac1 Qc8 33. Qg4 f5
34. Qe2 Rec7 35. Qe1 g5 36. Rxc2 Rxc2 37. b4 axb4 38. Bxb4 Bb8 39. Ba3 Qc7 40.
g3 f4 41. exf4 gxf4 42. Qb4 Qf7 43. g4 f3 44. Qe7 Qxe7 45. Bxe7 Ra2 46. Bd8 Rb2
47. a5 bxa5 48. Bxa5 Kg6 49. Bd2 Bd6 50. Be3 h5 51. Rc1 Rb6 52. Kf1 hxg4 53.
hxg4 Be7 54. Ke1 Bg5 55. Rc5 Bxe3 56. fxe3 Kg5 57. Rxd5+ Kh4 58. Rh5+ Kg3 0-1

[Event "Superettan(Rockaden,Umea-Sollentuna)"]
[Site "?"]
[Date "2014.01.17"]
[Round "6"]
[White "Nygren, David"]
[Black "Stromback, Henrik"]
[Result "1-0"]
[WhiteElo "2212"]
[BlackElo "1876"]
[PlyCount "77"]

1. e4 d5 2. exd5 Qxd5 3. Nc3 Qd6 4. d4 Nf6 5. Nf3 a6 6. g3 b5 7. Bg2 Bb7 8. O-O
e6 9. Re1 Be7 10. Ne5 Bxg2 11. Kxg2 O-O 12. Qf3 Nbd7 13. Nc6 Nb6 14. Bg5 Nfd5
15. Nxe7+ Nxe7 16. Ne4 Qd7 17. Rad1 Ng6 18. h4 f6 19. Bc1 Rfe8 20. h5 Nf8 21.
h6 f5 22. hxg7 Kxg7 23. Nc3 Nd5 24. Nxd5 Qxd5 25. Bf4 c6 26. Re5 Qxf3+ 27. Kxf3
Nd7 28. Re3 Nf6 29. Rc3 Rac8 30. Rh1 Kg6 31. Rh6+ Kg7 32. Rh4 Ne4 33. Ra3 Ra8
34. g4 Nf6 35. Be5 h6 36. Kf4 Rh8 37. gxf5 Kf7 38. fxe6+ Kxe6 39. Rah3 1-0

[Event "Superettan(Manhem I-Manhem II)"]
[Site "?"]
[Date "2014.01.18"]
[Round "4"]
[White "Aira, Johannes"]
[Black "Winsnes, Rikard"]
[Result "0-1"]
[WhiteElo "2152"]
[BlackElo "2486"]
[PlyCount "62"]
[EventDate "2014.??.??"]
[SourceDate "2014.01.25"]

1. e4 c5 2. b4 cxb4 3. Nf3 d6 4. d4 Nf6 5. Bd3 g6 6. O-O Bg7 7. a3 bxa3 8. Rxa3
O-O 9. c4 Nc6 10. Nbd2 e5 11. d5 Nb4 12. Ne1 Nh5 13. Be2 Nf4 14. Ndf3 Nxe2+ 15.
Qxe2 Qc7 16. Nc2 Na6 17. Nd2 Bd7 18. f4 exf4 19. Rxf4 f5 20. Rh4 Qb6+ 21. Kh1
fxe4 22. Ne3 Nc5 23. h3 Nd3 24. Rxd3 exd3 25. Qxd3 Rae8 26. Nf3 Qd8 27. Rd4 Qe7
28. Bd2 Bxd4 29. Qxd4 Qe4 30. Bc3 Qxd4 31. Bxd4 b6 0-1

[Event "Superettan(Manhem I-Manhem II)"]
[Site "?"]
[Date "2014.01.18"]
[Round "4"]
[White "Hultin, Johan"]
[Black "Andersson, Goran"]
[Result "1-0"]
[WhiteElo "2377"]
[BlackElo "2234"]
[PlyCount "55"]
[EventDate "2014.??.??"]

1. d4 Nf6 2. c4 c5 3. d5 e6 4. Nc3 exd5 5. cxd5 d6 6. Nf3 g6 7. Nd2 Bg7 8. Nc4
O-O 9. Bf4 Ne8 10. e4 b6 11. Qd2 Ba6 12. a4 Qe7 13. f3 f5 14. O-O-O Bxc4 15.
Bxc4 Nd7 16. h4 a6 17. h5 Nc7 18. hxg6 hxg6 19. exf5 gxf5 20. Rde1 Qf6 21. Re6
Nxe6 22. dxe6 Ne5 23. Bxe5 Qxe5 24. Qg5 f4 25. e7+ Rf7 26. Qg6 Qxe7 27. Bxf7+
Qxf7 28. Rh8+ 1-0

[Event "Superettan(Manhem I-Manhem II)"]
[Site "?"]
[Date "2014.01.18"]
[Round "4"]
[White "Bengtsson, Jonas"]
[Black "Welin, Mats"]
[Result "0-1"]
[WhiteElo "2162"]
[BlackElo "2392"]
[PlyCount "126"]
[EventDate "2014.??.??"]

1. d4 Nf6 2. c4 e6 3. Nc3 Bb4 4. e3 O-O 5. Bd3 d5 6. Nf3 c5 7. O-O cxd4 8. exd4
dxc4 9. Bxc4 b6 10. Bg5 Bb7 11. Qe2 Bxc3 12. bxc3 Nbd7 13. Bd3 Qc7 14. c4 Ng4
15. Be4 Bxe4 16. Qxe4 Ngf6 17. Qe2 Rac8 18. Rac1 h6 19. Bd2 Qb7 20. Bb4 Rfe8
21. Rfe1 Qa6 22. Rc3 Qa4 23. Bd6 Rc6 24. Ra3 Qxc4 25. Qxc4 Rxc4 26. Rxa7 Rec8
27. Kf1 R8c6 28. Bg3 Rb4 29. Rc7 Rxc7 30. Bxc7 Ra4 31. Re2 Nd5 32. Bd6 b5 33.
Rb2 Nc3 34. Rb3 Nxa2 35. Rxb5 Nc3 36. Rb2 Ra1+ 37. Ne1 Nf6 38. Bb4 Ncd5 39. Bd2
Ne4 40. Ke2 Kh7 41. g3 g5 42. f3 Nd6 43. Kf2 Ra4 44. Ng2 Rxd4 45. Be3 Rd3 46.
Rc2 Nf5 47. Bc5 h5 48. h4 g4 49. Ne1 Rb3 50. Ba7 Nf6 51. Re2 Kg6 52. Kg2 Nd5
53. Bc5 Nc3 54. Rc2 f6 55. Bf2 Nd5 56. Re2 Kf7 57. Re4 Rb2 58. Kg1 gxf3 59.
Nxf3 Nc3 60. Rc4 Ne2+ 61. Kg2 Nexg3 62. Rc7+ Kg6 63. Rc6 Ne4 0-1

[Event "Superettan(Manhem I-Manhem II)"]
[Site "?"]
[Date "2014.01.18"]
[Round "4"]
[White "Landgren, Philip"]
[Black "Bengtsson, Jessica"]
[Result "1-0"]
[WhiteElo "2322"]
[BlackElo "2100"]
[PlyCount "157"]
[EventDate "2014.??.??"]

1. d4 d5 2. c4 e6 3. Nf3 Nf6 4. g3 Be7 5. Bg2 O-O 6. O-O dxc4 7. Qa4 a6 8. Qxc4
b5 9. Qc2 Bb7 10. Bf4 Nc6 11. Nc3 Nb4 12. Qc1 Rc8 13. Rd1 Nbd5 14. Ne5 Nxc3 15.
Qxc3 Bxg2 16. Kxg2 Nd5 17. Qc6 Nxf4+ 18. gxf4 Qd6 19. Rac1 Qb4 20. Qc3 Qxc3 21.
Rxc3 Bd6 22. Rc6 a5 23. Rdc1 Rfd8 24. Nd3 Kf8 25. e3 Rb8 26. Nc5 Rb6 27. Ne4
Rdb8 28. Nxd6 cxd6 29. Rxb6 Rxb6 30. Rc7 d5 31. f5 exf5 32. Rd7 g6 33. Rxd5 Ke7
34. Kf3 Ke6 35. Rc5 a4 36. Ke2 Kd6 37. Kd3 b4 38. Ra5 a3 39. bxa3 bxa3 40. Rxa3
Rb2 41. f4 Rxh2 42. Ra6+ Kd7 43. d5 h5 44. Kd4 Re2 45. Ra7+ Kd6 46. Rxf7 Rd2+
47. Kc4 Rc2+ 48. Kd4 Rd2+ 49. Kc4 Rc2+ 50. Kd3 Rxa2 51. Rf6+ Kxd5 52. Rxg6 Ra3+
53. Ke2 Ra2+ 54. Kf3 Rh2 55. Rf6 Rh3+ 56. Ke2 Rh2+ 57. Kd3 h4 58. Rxf5+ Ke6 59.
Ke4 Rh1 60. Rh5 h3 61. Kf3 Kf6 62. Kg3 Re1 63. Kf2 Rh1 64. Kg3 Re1 65. Kf2 Rh1
66. e4 Kg6 67. Rh4 Kf6 68. Kg3 Re1 69. e5+ Kf5 70. Rh5+ Ke6 71. Kxh3 Rh1+ 72.
Kg4 Rg1+ 73. Kf3 Rf1+ 74. Ke3 Re1+ 75. Kf2 Ra1 76. Rh6+ Kf5 77. Rf6+ Ke4 78. e6
Kd5 79. f5 1-0

[Event "Superettan(Manhem I-Manhem II)"]
[Site "?"]
[Date "2014.01.18"]
[Round "4"]
[White "Pettersson, Anders"]
[Black "Akesson, Joel"]
[Result "0-1"]
[WhiteElo "2103"]
[BlackElo "2350"]
[PlyCount "82"]
[EventDate "2014.??.??"]

1. d4 Nf6 2. c4 e6 3. Nc3 Bb4 4. Bg5 h6 5. Bh4 c5 6. d5 Bxc3+ 7. bxc3 d6 8. e3
Qe7 9. Qc2 e5 10. f3 Nbd7 11. Bd3 Kd8 12. Ne2 Kc7 13. Rb1 Nb6 14. O-O g5 15.
Bg3 Bd7 16. Rb2 h5 17. Rfb1 h4 18. Bf2 g4 19. Bf5 gxf3 20. gxf3 Rag8+ 21. Kh1
Rg5 22. e4 Bxf5 23. exf5 Rgh5 24. a4 Rb8 25. Qb3 Qe8 26. a5 Nc8 27. Qd1 Qd7 28.
Qd3 Ne7 29. f4 e4 30. Qd1 Nxf5 31. Qb3 Kc8 32. Qa3 e3 33. Be1 Qe8 34. a6 b6 35.
Rxb6 Rxb6 36. Rxb6 Qe4+ 37. Kg1 h3 38. Rb8+ Kxb8 39. Qb2+ Kc8 40. Ng3 Nxg3 41.
Bxg3 Qg2+ 0-1

[Event "Superettan(Manhem I-Manhem II)"]
[Site "?"]
[Date "2014.01.18"]
[Round "4"]
[White "Moberg, Karl Johan"]
[Black "Lundstrom, Mattias"]
[Result "1/2-1/2"]
[WhiteElo "2344"]
[BlackElo "2099"]
[PlyCount "62"]
[EventDate "2014.??.??"]

1. d4 d5 2. c4 e6 3. Nf3 c6 4. Bg5 Be7 5. Bxe7 Qxe7 6. e3 Nf6 7. Nc3 Nbd7 8.
Rc1 O-O 9. Bd3 dxc4 10. Bxc4 e5 11. O-O exd4 12. exd4 Nb6 13. Bb3 Bg4 14. h3
Bxf3 15. Qxf3 Rad8 16. Rfd1 Qd6 17. Ne2 Nbd5 18. Ng3 g6 19. Bxd5 Nxd5 20. Ne4
Qf4 21. Qxf4 Nxf4 22. Kf1 Ne6 23. d5 cxd5 24. Rxd5 Rxd5 25. Nf6+ Kg7 26. Nxd5
Rd8 27. Ne3 Kf6 28. Ke1 Ke7 29. h4 Rd4 30. g3 h5 31. Rc4 Rxc4 1/2-1/2

[Event "Superettan(Manhem I-Manhem II)"]
[Site "?"]
[Date "2014.01.18"]
[Round "4"]
[White "Larsson, Dan"]
[Black "Berggren Torell, Harald"]
[Result "1/2-1/2"]
[WhiteElo "2092"]
[BlackElo "2219"]
[PlyCount "55"]
[EventDate "2014.??.??"]

1. e4 Nf6 2. e5 Nd5 3. d4 d6 4. c4 Nb6 5. exd6 exd6 6. b3 Be7 7. Bb2 O-O 8. Bd3
Nc6 9. Ne2 Nb4 10. O-O Nxd3 11. Qxd3 c6 12. Nd2 d5 13. Rfe1 Bg4 14. Ng3 Bg5 15.
h3 Bxd2 16. Qxd2 Be6 17. c5 Nd7 18. b4 Qh4 19. Bc1 Rfe8 20. Qf4 Qxf4 21. Bxf4
a6 22. a4 h6 23. Reb1 g5 24. Bd6 Nf6 25. f3 Kh7 26. Kf2 Kg6 27. Be5 Nh5 28.
Nxh5 1/2-1/2

[Event "Superettan(Manhem I-Manhem II)"]
[Site "?"]
[Date "2014.01.18"]
[Round "4"]
[White "Eriksson, Mats"]
[Black "Andersson, Kaj"]
[Result "1/2-1/2"]
[WhiteElo "1994"]
[BlackElo "1931"]
[PlyCount "37"]
[EventDate "2014.??.??"]

1. e4 c5 2. c3 e6 3. d4 d5 4. exd5 Qxd5 5. Nf3 Nc6 6. Bd3 Bd7 7. Be3 Nf6 8. O-O
cxd4 9. cxd4 Nb4 10. Nc3 Qh5 11. Be2 Qf5 12. Rc1 Bd6 13. Qb3 O-O 14. a3 Nd3 15.
Bxd3 Qxd3 16. Rfd1 Qg6 17. d5 exd5 18. Nxd5 Bc6 19. Nf4 1/2-1/2